000 00686nam a2200289Ia 4500
005 20260324130721.0
008 008 260324s9999 xx 000 0 eng d
020 _a9780203490822
037 _aEBOOK
040 _aCRL
040 _beng
040 _cCRL
041 _2eng
041 _aeng
084 _qCRL
100 _aBarbara Breitenberger
_91182840
245 0 _aAphrodite and Eros
245 4 _bThe Development of Greek Erotic Mythology
260 _bTaylor and Francis
260 _c2007
365 _a
365 _b240
856 _uhttp://www.taylorfrancis.com/books/9780203490822
942 _cEBOOK
999 _c1779244
_d1779244